000
00332nam a2200133Ia 4500
008
231129s2000||||xx |||||||||||||| ||spa||
020
_a
958-9271-42-1(Obra c
040
_b
spa
082
_a
R 540 M894q
245
0
_a
Quimica mega
260
_c
2000
264
_a
[*SIN EDITORIAL*]
942
_2
ddc
_c
BKS
999
_c
23657
_d
23657